The Black Dog lyrics - Statistics

General Stats
  • This quiz has been taken 17 times
  • The average score is 257 of 301
Answer Stats
Lyrics % Correct
a
100%
am
100%
Do
100%
I
100%
my
100%
My
100%
was
100%
Was
100%
Were
100%
who,
100%
you
100%
You
100%
all
91%
and
91%
And
91%
as
91%
Black
91%
but
91%
clothes
91%
Dog
91%
don't
91%
even
91%
fire
91%
for
91%
hear
91%
how
91%
if
91%
in
91%
it
91%
know
91%
me,
91%
me
91%
me?
91%
Now
91%
of
91%
off
91%
our
91%
play
91%
set
91%
so
91%
that
91%
The
91%
"The
91%
the
91%
this
91%
to
91%
too
91%
up,
91%
up
91%
watch
91%
when
91%
with
91%
your
91%
air,
82%
bar
82%
breathin'
82%
called
82%
clean
82%
demons
82%
did
82%
die
82%
forgot
82%
fun
82%
habits
82%
hate
82%
heart
82%
hire
82%
holes
82%
hope
82%
house
82%
intertwined
82%
into
82%
it's
82%
joke?
82%
jump
82%
just
82%
kills
82%
magic
82%
makin'
82%
miss
82%
new
82%
Old
82%
old
82%
plays
82%
priest
82%
screaming
82%
sell
82%
shared
82%
she's
82%
Six
82%
smoke
82%
some
82%
someone
82%
song
82%
still
82%
turn
82%
until
82%
walk
82%
wanna
82%
weeks
82%
young
82%
you're
82%
between
73%
body
73%
can't
73%
'Cause
73%
come
73%
cruel
73%
events,
73%
fabric
73%
fraternity?
73%
him
73%
hits
73%
legs,
73%
Line"
73%
location,
73%
move
73%
needed
73%
pierce
73%
pledged
73%
rain
73%
recent
73%
said
73%
secrets
73%
shakin'
73%
shitty
73%
shower
73%
soaked
73%
Starting
73%
tail
73%
those
73%
through
73%
understand
73%
unspoken
73%
world
73%
believe
64%
believed
64%
best
64%
brave
64%
esoteric
64%
exorcise
64%
hazing
64%
laid
64%
leavin'
64%
longings
64%
man
64%
mean
64%
open
64%
plans
64%
proceeded
64%
stay
64%
way
64%
dreaming
55%
heartbroken
55%
may
55%
never
55%
remember
55%
No matching quizzes found
Score Distribution
Percent of People with Each Score
Percentile by Number Answered
Your Score History
You have not taken this quiz